000 00375nam a22001577a 4500
020 _a9780007299829
082 _a823
_bAGA/S
100 _aAgatha Christie
245 _aThe secret of chimneys
_cby Agatha Christie
260 _aIndia:
_bHarper,
_c2001.
300 _a400p.
650 _aNovel English
650 _aLiterature English
650 _aLiterature
942 _cBK
999 _c54717
_d54717